000 01323cam a22003251 4500
001 gs 37000034
003 DLC
005 20260227111341.0
008 760223s1937 azua s000 0 eng
010 _ags 37000034
035 _a(OCoLC)2008147
040 _aDLC
_cAzFU
_dOCoLC
_dDLC
042 _apremarc
050 0 0 _aQE86.A9
_bG5
082 _a622.061791
086 0 _aMN 1.3:B 85/141
_2azdocs
100 1 _aGilluly, James,
_d1896-1980.
245 1 0 _aGeology and ore deposits of the Ajo quadrangle, Arizona,
_cby James Gilluly.
260 _aTucson, Ariz.,
_bUniversity of Arizona
_c[1937]
300 _a83 p. :
_bill., tables. IV fold, pl.in pocket. ;
_c24 cm.
410 2 0 _aUniversity of Arizona.
_bState Bureau of Mines.
_tBulletin
_vno. 141
490 1 _aGeological series,
_vno. 9
500 _aUniversity of Arizona bulletin. Vol VIII, no. 1, January 1, 1937.
500 _a"Prepared under a co-operative agreement between the Arizona Bureau of mines and the United States Geological survey."
650 0 _aGeology
_zArizona
_zAjo quadrangle.
650 0 _aMines and mineral resources
_zArizona
_zAjo quadrangle.
710 2 _aGeological Survey (U.S.)
830 0 _aBulletin (University of Arizona) ;
_vv. 8, no. 1.
810 2 _aUniversity of Arizona.
_bState Bureau of Mines.
_tGeological series.
_vno. 9.
999 _c27329
_d27329